Statistics for Manchester United Treble Winning Squad 1998-99

Click here to take the quiz!

General Stats

  • This quiz has been taken 518 times
  • The average score is 17 of 29

Answer Stats

Squad NumberPositionNationalityAnswer% Correct
11MFWalesRyan Giggs
95%
7MFEnglandDavid Beckham
94%
2DFEnglandGary Neville
94%
18MFEnglandPaul Scholes
94%
12DFEnglandPhil Neville
93%
19FWTrinidad and TobagoDwight Yorke
92%
1GKDenmarkPeter Schmeichel
92%
9FWEnglandAndy Cole
91%
20FWNorwayOle Gunnar Solskjaer
91%
16MFIrelandRoy Keane
91%
6DFNetherlandsJaap Stam
87%
10FWEnglandTeddy Sheringham
84%
3DFIrelandDenis Irwin
82%
8MFEnglandNicky Butt
77%
5DFNorwayRonny Johnsen
63%
24DFEnglandWes Brown
56%
15MFSwedenJesper Blomqvist
55%
17GKNetherlandsRaymond van der Gouw
50%
4DFEnglandDavid May
48%
21DFNorwayHenning Berg
45%
14MFNetherlandsJordi Cruyff
40%
34MFEnglandJonathan Greening
31%
22FWNorwayErik Nevland
18%
30DFEnglandRonnie Wallwork
12%
13DFEnglandJohn Curtis
10%
33MFEnglandMark Wilson
9%
23DFEnglandMichael Clegg
9%
28MFNorthern IrelandPhil Mulryne
7%
29FWScotlandAlex Notman
6%

Score Distribution

Percentile by Number Answered

Percent of People with Each Score

Your Score History

You have not taken this quiz